000
00203nam a2200109Ia 4500
100
_a
#N/A
942
_c
BK
654
_a
java 2
245
_a
Java 2 Network Security
260
_b
#N/A
546
_a
ENGLISH
999
_c
31414
_d
31414